000 00644nam a2200277Ia 4500
005 20260324151027.0
008 008 260324s9999 xx 000 0 eng d
020 _a9781003368465
037 _aEBOOK
040 _aCRL
040 _beng
040 _cCRL
041 _2eng
041 _aeng
084 _qCRL
100 _aK.G. Jayne
_91228474
245 0 _aVasco da Gama and his Successors, 1460–1580
260 _bTaylor and Francis
260 _c1910
365 _a
365 _b195
856 _uhttp://www.taylorfrancis.com/books/9781003368465
942 _cEBOOK
999 _c1838901
_d1838901